|
|
|
|
| LEADER |
00000nam a22000007i 4500 |
| 001 |
IT\ICCU\UBO\4134493 |
| 003 |
ItRI |
| 005 |
20260306172443.0 |
| 008 |
150504s2014 it |||||| ||||| |||||c |
| 020 |
|
|
|a 9788898841134
|
| 040 |
|
|
|b ita
|c Arcigay Queer VdA
|
| 041 |
|
7 |
|a ita
|2 ISO-639-2
|
| 100 |
1 |
|
|a Marcasciano, Porpora
|0 IT\ICCU\RERV\037043
|
| 240 |
1 |
0 |
|a AntoloGaia.
|9 Marcasciano, Porpora
|
| 245 |
1 |
0 |
|a AntoloGaia :
|b vivere sognando e non sognare di vivere : i miei anni settanta /
|c Porpora Marcasciano ; prefazione di Laura Schettini.
|
| 250 |
|
|
|a Nuova ed. riveduta e corretta
|
| 260 |
|
|
|a Roma :
|b Alegre,
|c 2014
|
| 300 |
|
|
|a 271 p. ;
|c 21 cm
|
| 700 |
1 |
|
|a Schettini, Laura
|0 IT\ICCU\RMSV\450905
|4 aui
|
| 830 |
|
0 |
|a Tracce
|0 IT\ICCU\MIL\0658833
|
| 942 |
|
|
|2 ddc
|c BK
|
| 952 |
|
|
|0 0
|1 0
|2 ddc
|4 0
|6 306_766090000000000_MAR_ANT
|7 1
|9 4120
|a AO
|b AO
|d 2025-05-01
|l 0
|o 306.76609 MAR ANT
|p 11297
|r 2025-05-01 19:31:24
|w 2025-05-01
|x Di proprietà di Giulio Gasperini
|y BK
|
| 952 |
|
|
|0 0
|1 0
|2 ddc
|4 0
|6 306_766000000000000_MAR_ANT
|7 0
|9 9471
|a VT
|b VT
|d 2025-08-05
|e Acq. Arcigay Viterbo su donazione di Banca Lazio Nord
|i B185
|l 0
|o 306.766 MAR ANT
|p B185
|r 2025-08-05 17:51:01
|w 2025-08-05
|y BK
|z Acq. Arcigay Viterbo su donazione di Banca Lazio Nord
|
| 952 |
|
|
|0 0
|1 0
|4 0
|6 DOC_306_766000000000000_MAR
|7 0
|9 21713
|a BO
|b BO
|d 2026-01-15
|i 17890
|l 0
|o DOC 306.766 MAR
|p BO17890
|r 2026-01-15 23:22:07
|w 2026-01-15
|x [Sebina 5] [1 v.]
|y BK
|z 1 v.
|
| 952 |
|
|
|0 0
|1 0
|2 ddc
|4 0
|6 306_766090000000000_MAR_ANT
|7 0
|9 33226
|a RO
|b RO
|d 2026-03-06
|l 0
|o 306.76609 MAR ANT
|p 11754
|r 2026-03-06 16:13:33
|w 2026-03-06
|y BK
|z Donato da Eva Croce
|
| 999 |
|
|
|c 3184
|d 3184
|